000 00823nam a2200265 i 4500
001 000045286
003 DO-SdBNP
005 20250627134623.0
007 ta
008 150114s2004 dr 000 0 spa d
020 _a9945405012
040 _aDO-SdBNP
_bspa
_cBNPHU
_erda
041 _aspa
082 4 _axxx
_bxxx
_222
100 1 _aMañón, Melvin,
_eautor
_4aut.
_910427
245 1 3 _aLa prosperidad :
_b¿carrera de ratas? /
_cMelvin Mañon ; prólogo, César Mella Mejías.
264 1 _aSanto Domingo :
_bEditora Manatí,
_c2004.
300 _a143 páginas ;
_c22 cm.
336 _atexto
_btxt
_2rdacontent
337 _asin mediación
_bn
_2rdamedia
338 _avolumen
_bnc
_2rdacarrier
590 _aInventariado, 2024/BT
700 1 _aMella Mejías, César,
_d1950-
_eprologuista
_4pr.
_9210
942 _2ddc
_cLBS1
999 _c44775
_d44775